000 00655nam a2200229Ia 4500
003 OSt
005 20240502090024.0
008 210329s9999||||xx |||||||||||||| ||und||
020 _a0876928025
040 _cSTCPL
041 _aENG
082 _a070.43
_bHER-N
100 _aStrentz, Herbert
245 0 _aNews reporters and news sources :
_bAccomplices in shaping and misshaping the news /
_cby Herbert Strentz
250 _a2nd ed.
260 _aNew Delhi :
_bPrentice hall of india Pvt Ltd. ,
_c1992 .
300 _a181 p.
_bPB
650 _aEnglish literature
650 _aJournalism, Publishing, Newspapers
942 _cBK
942 _2ddc
999 _c44464
_d44464